ბათუმის შოთა რუსთაველის სახელმწიფო უნივერსიტეტის ბიბლიოთეკა

Электрические машины.Ч.2. Машины переменного тока. (ბიბ.ჩანაწერი № 41161)

000 -LEADER
fixed length control field 00662nam a2200217Ia 4500
001 - CONTROL NUMBER
control field 7811
003 - CONTROL NUMBER IDENTIFIER
control field GE_BSU
008 - FIXED-LENGTH DATA ELEMENTS--GENERAL INFORMATION
fixed length control field 181216s||||||||xx |||||||||||||| ||und||
040 ## - CATALOGING SOURCE
Transcribing agency GE_BSU
080 ## - UNIVERSAL DECIMAL CLASSIFICATION NUMBER
Universal Decimal Classification number 621.316(075.8)
100 ## - MAIN ENTRY--PERSONAL NAME
Personal name Костенко,М.П. Пиотровский,Л.М.
245 ## - TITLE STATEMENT
Title Электрические машины.Ч.2. Машины переменного тока.
245 ## - TITLE STATEMENT
Remainder of title Учеб. пособие.
245 ## - TITLE STATEMENT
Statement of responsibility, etc. Ред. Вольдек.
260 ## - PUBLICATION, DISTRIBUTION, ETC.
Place of publication, distribution, etc. М.-Л.
260 ## - PUBLICATION, DISTRIBUTION, ETC.
Name of publisher, distributor, etc. Госэнергоиздат.
260 ## - PUBLICATION, DISTRIBUTION, ETC.
Date of publication, distribution, etc. 1958.
300 ## - PHYSICAL DESCRIPTION
Extent 651стр. 22 см.
653 ## - INDEX TERM--UNCONTROLLED
Uncontrolled term Электрические машины.
942 ## - ADDED ENTRY ELEMENTS (KOHA)
Koha item type წიგნი
ეგზემპლარები
Withdrawn status Lost status Damaged status Not for loan Date acquired Barcode Date last seen Price effective from Koha item type
        2018-12-17 10796 2018-12-17 2018-12-17 წიგნი
        2018-12-17 10797 2018-12-17 2018-12-17 წიგნი